Spice crop management and technology (Record no. 140139)

MARC details
000 -LEADER
fixed length control field 00513nam a22002177a 4500
003 - CONTROL NUMBER IDENTIFIER
control field OSt
020 ## - INTERNATIONAL STANDARD BOOK NUMBER
International Standard Book Number 9789327227925
082 ## - DEWEY DECIMAL CLASSIFICATION NUMBER
Classification number 633.83
Item number SAD/SP
100 ## - MAIN ENTRY--PERSONAL NAME
Personal name Sadhna Pandey
245 ## - TITLE STATEMENT
Title Spice crop management and technology
260 ## - PUBLICATION, DISTRIBUTION, ETC. (IMPRINT)
Place of publication, distribution, etc Ludhiana
Name of publisher, distributor, etc Kalyani publishers
Date of publication, distribution, etc 2013
300 ## - PHYSICAL DESCRIPTION
Extent 228 pages;
650 ## - SUBJECT ADDED ENTRY--TOPICAL TERM
Topical term or geographic name as entry element Coriander
650 ## - SUBJECT ADDED ENTRY--TOPICAL TERM
Topical term or geographic name as entry element Turmeric
650 ## - SUBJECT ADDED ENTRY--TOPICAL TERM
Topical term or geographic name as entry element Red chillies
650 ## - SUBJECT ADDED ENTRY--TOPICAL TERM
Topical term or geographic name as entry element Ginger
650 ## - SUBJECT ADDED ENTRY--TOPICAL TERM
Topical term or geographic name as entry element Tamarind
700 ## - ADDED ENTRY--PERSONAL NAME
Personal name Pandey, S N
700 ## - ADDED ENTRY--PERSONAL NAME
Personal name Pandey, P H
942 ## - ADDED ENTRY ELEMENTS (KOHA)
Source of classification or shelving scheme Dewey Decimal Classification
Koha item type Books (General)
Holdings
Lost status Source of classification or shelving scheme Damaged status Not for loan Home library Current library Shelving location Date acquired Cost, normal purchase price Total Checkouts Full call number Barcode Date last seen Date last borrowed Koha item type
  Dewey Decimal Classification     KAU Central Library, Thrissur KAU Central Library, Thrissur General 31/07/2014 210.00 2 633.83 SAD/SP 224293 15/07/2016 08/07/2016 Books (General)
Kerala Agricultural University Central Library
Thrissur-(Dt.), Kerala Pin:- 680656, India
Ph : (+91)(487) 2372219
E-mail: librarian@kau.in
Website: http://library.kau.in/